Los estudiantes pobres y el "beneficio de la pobreza" en la Universidad de México bajo los Austrias (1553-1700) / (Record no. 168947)
[ view plain ]
| 000 -LEADER | |
|---|---|
| campo de control de longitud fija | 00808nam a22002175i 4500 |
| 001 - NÚMERO DE CONTROL | |
| campo de control | 168947 |
| 003 - IDENTIFICADOR DE NÚMERO DE CONTROL | |
| campo de control | ES-MaACL |
| 005 - FECHA Y HORA DE LA ÚLTIMA TRANSACCIÓN | |
| campo de control | 20230906213939.0 |
| 008 - DATOS DE LONGITUD FIJA--INFORMACIÓN GENERAL | |
| campo de control de longitud fija | 080630s1998 mx |||| | spa d |
| 080 ## - NÚMERO DE LA CLASIFICACIÓN DECIMAL UNIVERSAL | |
| Número de la Clasificación Decimal Universal | 37.06(72)"15/17" |
| 080 ## - NÚMERO DE LA CLASIFICACIÓN DECIMAL UNIVERSAL | |
| Número de la Clasificación Decimal Universal | 364.22(72)"15/17" |
| 100 1# - ENTRADA PRINCIPAL--NOMBRE DE PERSONA | |
| Nombre de persona | Abadie-Aicardi, Aníbal, |
| 9 (RLIN) | 17952 |
| 245 14 - MENCIÓN DEL TÍTULO | |
| Título | Los estudiantes pobres y el "beneficio de la pobreza" en la Universidad de México bajo los Austrias (1553-1700) / |
| Mención de responsabilidad, etc. | Aníbal Abadie-Aicardi. |
| 260 ## - PUBLICACIÓN, DISTRIBUCIÓN, ETC. | |
| Lugar de publicación, distribución, etc. | México : |
| Nombre del editor, distribuidor, etc. | Universidad Nacional Autónoma de México, |
| Fecha de publicación, distribución, etc. | 1998. |
| 300 ## - DESCRIPCIÓN FÍSICA | |
| Extensión | p. [79]-123 ; |
| Dimensiones | 21 cm. |
| 595 ## - | |
| -- | Separata de Novahispania, 4. |
| 650 14 - PUNTO DE ACCESO ADICIONAL DE MATERIA--TÉRMINO DE MATERIA | |
| Término de materia o nombre geográfico como elemento de entrada | Universidades- |
| Subdivisión geográfica | México- |
| Subdivisión cronológica | S.XVI-XVII. |
| 9 (RLIN) | 138067 |
| 650 #4 - PUNTO DE ACCESO ADICIONAL DE MATERIA--TÉRMINO DE MATERIA | |
| Término de materia o nombre geográfico como elemento de entrada | Pobreza- |
| Subdivisión geográfica | México- |
| Subdivisión cronológica | S.XVI-XVII. |
| 9 (RLIN) | 138066 |
| 852 ## - LOCALIZACIÓN | |
| Ubicación | ES-MaACL |
| Número de control de estantería | 2241-F-14 |
| itemnumber | R.143743 |
| Estatus retirado | Estado de pérdida | Estado de daño | No para préstamo | Colección | Biblioteca de origen | Biblioteca actual | Ubicación en estantería | Fecha de adquisición | Fuente de adquisición | Total de préstamos | Signatura topográfica completa | Código de barras | Visto por última vez | Precio de reemplazo | Tipo de ítem Koha |
|---|---|---|---|---|---|---|---|---|---|---|---|---|---|---|---|
| Colección de folletos | Biblioteca del Ateneo de Madrid | Biblioteca del Ateneo de Madrid | Depósito folletos | 30/06/2008 | 2241-F-14 | 1177315 | 23/02/2023 | 23/02/2023 | Folleto |
